[Event "BCF-ch U12 rapid"]
[Site "Hull"]
[Date "2024.07.27"]
[Round "7"]
[White "Arrojo Garcia, Nicolas"]
[Black "Beattie, Kai"]
[Result "0-1"]
[WhiteElo "1562"]
[BlackElo "1619"]
[PlyCount "98"]
[EventDate "2024.07.26"]
[EventType "swiss (rapid)"]
[EventRounds "9"]
[EventCountry "ENG"]
[SourceTitle "CBM 221 Extra"]
[Source "ChessBase"]
[SourceDate "2024.09.30"]
[SourceVersion "1"]
[SourceVersionDate "2024.09.30"]
[SourceQuality "1"]

1. e4 a6 2. d4 c6 3. Nf3 d5 4. exd5 cxd5 5. Nc3 Nc6 6. Bf4 Bg4 7. Be2 e6 8. h3 Bxf3 9. Bxf3 Bd6 10. Bg3 Nge7 11. 0-0 Nf5 12. Ne2 Bxg3 13. fxg3 Ne3 14. Qd3 Nxf1 15. Rxf1 0-0 16. Nc1 Rc8 17. c3 Qc7 18. g4 Qb6 19. Nb3 Na5 20. Bd1 Nxb3 21. axb3 e5 22. Bc2 g6 23. Qf3 exd4 24. Kh1 dxc3 25. bxc3 Qc6 26. Rf2 Qxc3 27. Qf4 Rce8 28. g3 Re1+ 29. Kh2 Qe5 30. Qf3 Qe3 31. Qxe3 Rxe3 32. Kg2 Rfe8 33. Bd1 d4 34. Rd2 d3 35. Kf2 R8e5 36. h4 Kf8 37. Bf3 Ke7 38. Bd1 Kd6 39. Bf3 Kc5 40. Bd1 Kb4 41. Bf3 Kxb3 42. Kf1 a5 43. Kf2 a4 44. Bd1+ Kc3 45. Rxd3+ Rxd3 46. Be2 Rd2 47. Kf1 Rexe2 48. g5 Kd3 49. h5 Rd1# 0-1

[Event "BCF-ch U12 rapid"]
[Site "Hull"]
[Date "2024.07.27"]
[Round "9"]
[White "Arrojo Garcia, Nicolas"]
[Black "Sislo, Aleksandr"]
[Result "1-0"]
[WhiteElo "1562"]
[BlackElo "1464"]
[PlyCount "29"]
[EventDate "2024.07.26"]
[EventType "swiss (rapid)"]
[EventRounds "9"]
[EventCountry "ENG"]
[SourceTitle "CBM 221 Extra"]
[Source "ChessBase"]
[SourceDate "2024.09.30"]
[SourceVersion "1"]
[SourceVersionDate "2024.09.30"]
[SourceQuality "1"]

1. e4 e5 2. Nf3 Nc6 3. Bc4 Bc5 4. d3 Nf6 5. Nc3 0-0 6. Bg5 h6 7. Bh4 d6 8. Nd5 Bg4 9. h3 Nd4 10. hxg4 Nxf3+ 11. Qxf3 c6 12. Nxf6+ gxf6 13. Bxf6 Qb6 14. Rxh6 Qxb2 15. Rh8# 1-0

[Event "BCF-ch U12 rapid"]
[Site "Hull"]
[Date "2024.07.27"]
[Round "8"]
[White "Ding, Yicheng"]
[Black "Arrojo Garcia, Nicolas"]
[Result "1-0"]
[WhiteElo "1557"]
[BlackElo "1562"]
[PlyCount "72"]
[EventDate "2024.07.26"]
[EventType "swiss (rapid)"]
[EventRounds "9"]
[EventCountry "ENG"]
[SourceTitle "CBM 221 Extra"]
[Source "ChessBase"]
[SourceDate "2024.09.30"]
[SourceVersion "1"]
[SourceVersionDate "2024.09.30"]
[SourceQuality "1"]

1. d4 e5 2. dxe5 Nc6 3. Nf3 Qe7 4. Bf4 Qb4+ 5. Bd2 Qxb2 6. Nc3 Bb4 7. Rb1 Qa3 8. Rb3 Qa5 9. e3 Nge7 10. Bc4 0-0 11. 0-0 d6 12. exd6 cxd6 13. Ng5 Qxg5 14. Ne4 Qa5 15. Nxd6 Bxd2 16. Rb5 Qc7 17. Qxd2 Rd8 18. Rd1 Nf5 19. Rd5 Nfe7 20. Rd3 Ne5 21. Rd4 N7c6 22. Rf4 Nxc4 23. Rxc4 Be6 24. Rc3 Rd7 25. e4 f6 26. Qf4 Rad8 27. Rcd3 Ne5 28. Nb5 Rxd3 29. cxd3 Qa5 30. Rb1 Bxa2 31. Rf1 Qxb5 32. Qc1 Qxd3 33. Qb2 Bc4 34. Re1 Qd1 35. Qb4 Nd3 36. Qxc4+ Kh8 1-0

[Event "BCF-ch U12 rapid"]
[Site "Hull"]
[Date "2024.07.26"]
[Round "2"]
[White "Rughani, Mahin"]
[Black "Arrojo Garcia, Nicolas"]
[Result "1-0"]
[WhiteElo "1741"]
[BlackElo "1562"]
[PlyCount "91"]
[EventDate "2024.07.26"]
[EventType "swiss (rapid)"]
[EventRounds "9"]
[EventCountry "ENG"]
[SourceTitle "CBM 221 Extra"]
[Source "ChessBase"]
[SourceDate "2024.09.30"]
[SourceVersion "1"]
[SourceVersionDate "2024.09.30"]
[SourceQuality "1"]

1. d4 e5 2. dxe5 Nc6 3. Nf3 Qe7 4. Bf4 Qb4+ 5. Bd2 Qxb2 6. Nc3 Bb4 7. Rb1 Qa3 8. Nd5 Bxd2+ 9. Qxd2 Qxa2 10. Rd1 Kd8 11. e4 Nge7 12. Be2 Qb2 13. Nxe7 Kxe7 14. 0-0 h6 15. Rb1 Qa3 16. Nh4 g6 17. f4 Qc5+ 18. Kh1 d6 19. Rb5 Qd4 20. exd6+ cxd6 21. Bd3 Be6 22. c3 Qa4 23. Rxb7+ Bd7 24. Bb5 Qa3 25. Bxc6 Rhd8 26. Rxd7+ Rxd7 27. Bxa8 Qa6 28. Rd1 Qc8 29. Bd5 Qa6 30. Nf3 Kf8 31. Nd4 Qa4 32. Bc6 Qc4 33. Bxd7 a5 34. Bb5 Qc5 35. Ne6+ fxe6 36. Qxd6+ Qxd6 37. Rxd6 Ke7 38. Ra6 Kf6 39. Bc4 Kg7 40. Rxa5 e5 41. fxe5 g5 42. e6 g4 43. e7 g3 44. e8Q gxh2 45. Qf7+ Kh8 46. Ra8# 1-0